000 01223nam a2200253 i 4500
001 187833
003 SpMaBN
005 20260304135642.0
008 180312q1921 sp a |||| |dspa d
100 1 _aGil de Oto, Manuel,
_d1870-1937
_9164366
245 1 0 _aRasgos de ingenio de Jacinto Benavente /
_cdedicatoria, apuntes para un retrato de Jacinto Benavente, recopilación, advertencias, aclaraciones y notas de Manuel Gil de Oto [seud.] ; portada de Ángel Femenía ; caricaturas y apuntes de Longoria y de Juliá.
260 _aBarcelona :
_bPublicaciones Mundial,
_c[1921]
300 _a122 p. :
_bil. ;
_c17 cm.
530 _aDisponible en formato digital.
594 _aManuel Gil de Oto es seudónimo de Miguel Toledano y Escalante.
599 _aEn cub.: caricatura a col. de Jacinto Benavente, por Á. Femenía.
600 1 4 _aBenavente, Jacinto,
_d1866-1954
_927443
700 1 _aFemenía, Ángel,
_d1872-
_9164367
700 1 _aLongoria, José.
_9164368
852 _aES-MaACL
_jL-31897
_cDEPO2
_hDonante: herederos de la biblioteca de Mª del Pilar Costa Palacín
856 4 _uhttps://archive.org/details/rasgosdeingeniod00gild
_yInternet Archive
942 _2udc
999 _c187833
_d187833